Jak hluboká je americká penzijní díra?
Problémy amerického dôchodkového systému. Tri piliere systému: federálne sociálne zabezpečenie, dobrovolné súkromné dôchodkové plány, dobrovolné osobné plány. Dva druhy súkromných dôchodkových plánov: definované požitkové plány, definované príspevkové plány. Účtovanie dôchodkov podľa US GAAP. Účtova...
Gespeichert in:
| 1. Verfasser: | |
|---|---|
| Format: | Buchkapitel |
| Sprache: | Tschechisch |
| Schlagworte: | |
| Tags: |
Keine Tags, Fügen Sie das erste Tag hinzu!
|
MARC
| LEADER | 00000naa$a2200000$$$4500 | ||
|---|---|---|---|
| 001 | 0038155 | ||
| 005 | 20230925084522.5 | ||
| 041 | 0 | |a cze | |
| 044 | |a CZ | ||
| 245 | 1 | 0 | |a Jak hluboká je americká penzijní díra? |c Josef Jílek |
| 520 | |a Problémy amerického dôchodkového systému. Tri piliere systému: federálne sociálne zabezpečenie, dobrovolné súkromné dôchodkové plány, dobrovolné osobné plány. Dva druhy súkromných dôchodkových plánov: definované požitkové plány, definované príspevkové plány. Účtovanie dôchodkov podľa US GAAP. Účtovanie dôchodkov podľa IFRS. | ||
| 610 | 2 | 0 | |a systémy dôchodkové |
| 610 | 2 | 0 | |a USA |
| 610 | 2 | 0 | |a dôchodky starobné |
| 610 | 2 | 0 | |a zabezpečenie sociálne |
| 610 | 2 | 0 | |a fondy penzijné |
| 610 | 2 | 0 | |a účtovníctvo |
| 610 | 2 | 0 | |a IFRS |
| 610 | 2 | 0 | |a US GAAP |
| 610 | 2 | 0 | |a zamestnávatelia |
| 100 | 1 | |a Jílek, Josef | |